| 000 | 01239cam a2200325 i 4500 | ||
|---|---|---|---|
| 999 |
_c200448216 _d66428 |
||
| 003 | TR-AnTOB | ||
| 005 | 20231206164734.0 | ||
| 007 | ta | ||
| 008 | 220322s1993 tu a b f100 0 tur d | ||
| 010 | _a 93956827 | ||
| 040 |
_aDLC _beng _erda _cDLC _dTR-AnTOB |
||
| 041 | 0 | _atur | |
| 050 | 0 | 0 |
_aHC492.Z7 _bT874 1993 |
| 090 |
_aTOBBK HC492.Z7 _bT874 1993 |
||
| 111 | 2 |
_a"GAP ve Sanayi" Sempozyumu _d(1990 : _cŞanlıurfa, Turkey) _9136166 |
|
| 245 | 1 | 0 |
_a"GAP ve Sanayi" Sempozyumu : _b16-18 Ekim, 1990, Şanlıurfa. |
| 264 | 1 |
_aAnkara : _bBaşbakanlık, Güneydoğu Anadolu Projesi, Bölge Kalkınma İdaresi Başkanlığı, _c1993. |
|
| 300 |
_avi, 324 pages : _billustrations ; _c31 cm |
||
| 336 |
_atext _btxt _2rdacontent |
||
| 337 |
_aunmediated _bn _2rdamedia |
||
| 338 |
_avolume _bnc _2rdacarrier |
||
| 610 | 2 | 0 |
_aGüneydoğu Anadolu Projesi (Turkey) _968590 |
| 650 | 0 |
_aEconomic development projects _zTurkey, Eastern _xCongresses. |
|
| 650 | 0 |
_aIndustries _zTurkey, Eastern _xCongresses. |
|
| 650 | 7 |
_aEkonomik kalkınma projeleri _zTürkiye, Doğu _2etuturkob _9135707 |
|
| 650 | 7 |
_aEndüstriler _zTürkiye, Güneydoğu _2etuturkob _991395 |
|
| 942 |
_2z _cBK |
||